000 00622nam a2200241 4500
001 30910
010 _a9789722621403
005 20220405165459.0
021 _aPT
_b203644/03
090 _a30910
100 _a20100309d2008 a 0pory5003 ba
101 _aPor
102 _aPT
105 _aa z 000fy
930 _lBECRE
675 _a087.5
_vBNL
_zpor
700 1 _aSoares
_bLuísa Ducla
702 1 _aDriver
_bPaul
_4440
200 1 _aTrês Histórias do Futuro
_fLuísa Ducla Soares
_gil. Paul Driver
205 _a3ª ed.
210 _aPorto
_cCivilização
_d2008
215 _a42, [2] p.
_d22 cm.
990 _cLIVROS